[Event "AUTO-OPEN-2440"]
[Site "http://www.queenalice.com/game.php?id=971306"]
[Date "2011.8.11"]
[Round "1"]
[White "MARKIMCHESS"]
[Black "daga2008"]
[Result "0-1"]
[WhiteElo "1702"]
[BlackElo "1529"]

1. c4 d5 2. cxd5 Qxd5 3. Nc3 Qd8 4. d4 c6 5. e4 e6 6. Be3 Na6 7. Bxa6 bxa6 8.
Nf3 f6 9. O-O Nh6 10. Bxh6 gxh6 11. e5 Bg7 12. Qe2 Bb7 13. exf6 Bxf6 0-1

[Event "AUTO-OPEN-2440"]
[Site "http://www.queenalice.com/game.php?id=971307"]
[Date "2011.8.11"]
[Round "1"]
[White "daga2008"]
[Black "MARKIMCHESS"]
[Result "0-1"]
[WhiteElo "1539"]
[BlackElo "1745"]

1. e4 c5 2. Bc4 Nc6 3. c3 e6 4. Nh3 d5 5. exd5 exd5 6. Be2 Bxh3 7. gxh3 Nf6 8.
f3 Bd6 9. c4 O-O 10. cxd5 Nxd5 11. Nc3 Qh4+ 12. Kf1 Qxh3+ 13. Ke1 Nf4 14. Bf1
Qh4# 0-1

[Event "AUTO-OPEN-2440"]
[Site "http://www.queenalice.com/game.php?id=971308"]
[Date "2011.8.11"]
[Round "1"]
[White "MARKIMCHESS"]
[Black "sampaio2011"]
[Result "1-0"]
[WhiteElo "1460"]
[BlackElo "1475"]

1. e4 c5 2. d4 cxd4 3. c3 d3 4. Bxd3 d5 5. exd5 Qxd5 6. Nf3 Nf6 7. c4 Qd8 8. Nc3
Nc6 9. O-O g6 10. Qe2 Bg7 11. Rd1 Bd7 12. Bg5 O-O 13. Rd2 Qa5 14. Bxf6 exf6 15.
Bxg6 hxg6 16. Rxd7 f5 17. Nd5 Rfe8 18. Qd2 Qc5 19. Nc7 Ne5 20. Nxe5 Bxe5 21.
Nxe8 Rxe8 22. Re1 Kg7 23. g3 Rh8 24. Rd5 1-0

[Event "AUTO-OPEN-2440"]
[Site "http://www.queenalice.com/game.php?id=971309"]
[Date "2011.8.11"]
[Round "1"]
[White "sampaio2011"]
[Black "MARKIMCHESS"]
[Result "0-1"]
[WhiteElo "1598"]
[BlackElo "1383"]

1. Nf3 c5 2. g3 d5 3. Bg2 Nc6 4. O-O e5 5. d3 Bd6 6. e4 d4 7. a4 Bg4 8. Na3 Qd7
9. Nc4 Bc7 10. Re1 Nge7 11. b3 O-O 12. Ba3 b6 13. a5 f5 14. exf5 Qxf5 15. axb6
axb6 16. Ncd2 Qh5 17. Qe2 Rf6 18. Qe4 Raf8 19. Nh4 Rxf2 20. Qd5+ Kh8 21. Ndf3
Nxd5 0-1

[Event "AUTO-OPEN-2457"]
[Site "http://www.queenalice.com/game.php?id=977320"]
[Date "2011.8.26"]
[Round "1"]
[White "gedanix"]
[Black "MARKIMCHESS"]
[Result "1-0"]
[WhiteElo "1872"]
[BlackElo "1716"]

1. e4 c5 2. Nf3 d6 3. d4 cxd4 4. Nxd4 Nf6 5. Nc3 g6 6. Be3 Bg7 7. f3 O-O 8. Qd2
Nc6 9. Bc4 Bd7 10. O-O-O Rb8 11. Bh6 Nxd4 12. Bxg7 Nxf3 13. gxf3 Kxg7 14. Qg5 b5
15. Bb3 b4 16. Nd5 Nxd5 17. Rxd5 Be6 18. Rd3 Bxb3 19. Rxb3 a5 20. Rd1 Qc7 21. a3
Rfc8 22. Rd2 Qc4 23. Qe3 Rc5 24. Qd4+ Qxd4 25. Rxd4 Rbc8 26. Rd2 bxa3 27. Rxa3
f5 28. c3 fxe4 29. fxe4 Kf6 30. Re2 e6 31. Ra4 Ke5 32. Rd4 1-0

[Event "AUTO-OPEN-2457"]
[Site "http://www.queenalice.com/game.php?id=977321"]
[Date "2011.8.26"]
[Round "1"]
[White "MARKIMCHESS"]
[Black "gedanix"]
[Result "1-0"]
[WhiteElo "1536"]
[BlackElo "1896"]

1. Nc3 e6 2. e4 d5 3. d4 Bb4 4. e5 c5 5. a3 Bxc3+ 6. bxc3 Ne7 7. Qg4 O-O 8. Nf3
Nbc6 9. Bd3 Qa5 10. Bd2 Nf5 11. c4 Qb6 12. cxd5 Ncxd4 13. Nxd4 cxd4 14. O-O Ne7
15. d6 Ng6 16. Rab1 Qc5 17. f4 f5 18. Qg5 Qxa3 19. Bb4 Qa4 20. h4 Qd7 21. h5 Ne7
22. dxe7 Re8 23. h6 1-0

[Event "AUTO-OPEN-2457"]
[Site "http://www.queenalice.com/game.php?id=977342"]
[Date "2011.8.26"]
[Round "1"]
[White "MARKIMCHESS"]
[Black "esterodr"]
[Result "1-0"]
[WhiteElo "1500"]
[BlackElo "1966"]

1. e4 c6 2. Nc3 d5 3. d4 dxe4 4. f3 exf3 5. Nxf3 Nf6 6. Bc4 Nd5 7. O-O Bg4 8.
Qe1 e6 9. Ne5 Bh5 10. Nxd5 cxd5 11. Bb5+ Ke7 12. Qh4+ 1-0

[Event "AUTO-OPEN-2457"]
[Site "http://www.queenalice.com/game.php?id=977343"]
[Date "2011.8.26"]
[Round "1"]
[White "esterodr"]
[Black "MARKIMCHESS"]
[Result "0-1"]
[WhiteElo "2028"]
[BlackElo "1696"]

1. e4 c5 2. Nf3 d6 3. d4 cxd4 4. Nxd4 Nf6 5. Nc3 g6 6. g3 Bg7 7. Bg2 O-O 8. O-O
Nc6 9. Nde2 Bg4 10. h3 Bd7 11. Be3 Qc8 12. Kh2 Ne5 13. Nd5 Nxd5 14. exd5 Nc4 15.
Bd4 Bh6 16. b3 Nd2 17. Re1 Bxh3 18. Bxh3 Nf3+ 19. Kg2 Nxe1+ 20. Qxe1 Qxc2 21.
Ng1 Qd2 22. Qxd2 Bxd2 23. Nf3 Ba5 24. Rc1 f5 25. Ng5 Rfc8 26. Rxc8+ Rxc8 27. Ne6
Rc2 28. g4 Bb6 29. Bxb6 axb6 30. gxf5 gxf5 31. Bxf5 Rxa2 32. Kf3 Rb2 33. Nd4 Kg7
34. Ke3 h5 35. f3 Kf6 36. f4 h4 37. Kf3 Rd2 38. Ke3 Rxd4 0-1

[Event "AUTO-INT-2133"]
[Site "http://www.queenalice.com/game.php?id=980279"]
[Date "2011.9.2"]
[Round "1"]
[White "cynnara"]
[Black "MARKIMCHESS"]
[Result "1-0"]
[WhiteElo "2034"]
[BlackElo "1591"]

1. d4 c5 2. dxc5 Qa5+ 3. Nc3 Qxc5 4. e4 Nf6 5. a3 e6 6. Be3 Qc7 7. Nb5 Qd8 8.
Bf4 Na6 9. e5 Nd5 10. Bg3 Be7 11. c4 Nb6 12. Qc2 O-O 13. Nf3 f6 14. exf6 Bxf6
15. Bd6 Rf7 16. Bd3 g6 17. h4 Be7 18. h5 1-0

[Event "AUTO-INT-2133"]
[Site "http://www.queenalice.com/game.php?id=980280"]
[Date "2011.9.2"]
[Round "1"]
[White "MARKIMCHESS"]
[Black "cynnara"]
[Result "0-1"]
[WhiteElo "1591"]
[BlackElo "2032"]

1. e4 e5 2. d4 exd4 3. c3 dxc3 4. Nxc3 Nc6 5. Bc4 Nf6 6. Nf3 Bb4 7. e5 d5 8.
exf6 dxc4 9. Qxd8+ Nxd8 10. fxg7 Rg8 11. O-O Bxc3 12. bxc3 f6 13. Ba3 Kf7 14.
Nd4 Rxg7 15. Rfe1 Ne6 16. Nf5 Rg5 17. Nd4 Nxd4 18. Re7+ Kg6 0-1

[Event "AUTO-INT-2133"]
[Site "http://www.queenalice.com/game.php?id=980295"]
[Date "2011.9.2"]
[Round "1"]
[White "MARKIMCHESS"]
[Black "jajerduco"]
[Result "0-1"]
[WhiteElo "1605"]
[BlackElo "1688"]

1. e4 g6 2. d4 Bg7 3. Nc3 c6 4. Be3 d5 5. Qd2 e6 6. O-O-O Ne7 7. Nf3 Nd7 8. exd5
cxd5 9. g4 a6 10. h4 O-O 11. Bh6 Qa5 12. Kb1 Nb6 13. Bxg7 Kxg7 14. h5 gxh5 15.
Qg5+ Ng6 16. gxh5 f6 17. Qg3 Kf7 18. hxg6+ hxg6 19. Rh7+ Ke8 20. Qxg6+ Kd8 0-1

[Event "AUTO-INT-2133"]
[Site "http://www.queenalice.com/game.php?id=980296"]
[Date "2011.9.2"]
[Round "1"]
[White "jajerduco"]
[Black "MARKIMCHESS"]
[Result "1-0"]
[WhiteElo "1674"]
[BlackElo "1621"]

1. Nc3 e5 2. e4 Nf6 3. g3 Bc5 4. Bg2 d6 5. Nf3 Nc6 6. d3 Bg4 7. O-O Qd7 8. Bg5
Nd4 9. Bxf6 gxf6 10. Nd5 Bxf3 11. Bxf3 Nxf3+ 12. Qxf3 O-O-O 13. Nxf6 Qe7 14. Nd5
Qe6 15. b4 Bb6 16. Nxb6+ axb6 17. c4 Kb8 18. a4 h5 19. b5 h4 20. g4 h3 21. Qe2
1-0

[Event "AUTO-INT-2133"]
[Site "http://www.queenalice.com/game.php?id=980297"]
[Date "2011.9.2"]
[Round "1"]
[White "MARKIMCHESS"]
[Black "chess60"]
[Result "0-1"]
[WhiteElo "1757"]
[BlackElo "1454"]

1. e4 e5 2. Nf3 Nf6 3. Nxe5 d6 4. Nf3 Nxe4 5. Nc3 Nxc3 6. dxc3 f6 7. Bc4 Qe7+ 8.
Be3 Qe4 9. Bd5 Qe7 10. O-O Be6 11. Re1 Bc8 12. Bd4 Qxe1+ 13. Qxe1+ Be7 14. Qe2
c6 15. Bb3 Bf5 16. Re1 Kd8 17. Qxe7+ Kc8 18. Nh4 Bd7 19. Qxd6 Re8 20. Rxe8+ Bxe8
0-1

[Event "AUTO-INT-2133"]
[Site "http://www.queenalice.com/game.php?id=980298"]
[Date "2011.9.2"]
[Round "1"]
[White "chess60"]
[Black "MARKIMCHESS"]
[Result "0-1"]
[WhiteElo "1407"]
[BlackElo "1506"]

1. e4 e5 2. Nf3 Nf6 3. Nxe5 d6 4. Nf3 Nxe4 5. d4 d5 6. Bd3 Bg4 7. O-O Bd6 8. Re1
f5 9. h3 Bh5 10. Qe2 O-O 11. Bg5 Nxg5 12. Qe3 Bxf3 13. gxf3 Nxh3+ 14. Kg2 Nf4+
15. Kf1 Qh4 16. Bxf5 Qh1# 0-1

[Event "Let's Play Chess!"]
[Site "http://www.queenalice.com/game.php?id=981112"]
[Date "2011.9.4"]
[Round "-"]
[White "MARKIMCHESS"]
[Black "sorim"]
[Result "1-0"]
[WhiteElo "1605"]
[BlackElo "1733"]

1. e4 c5 2. Nf3 Nc6 3. d4 cxd4 4. Nxd4 g6 5. Nc3 Bg7 6. Be3 d6 7. Bc4 Nf6 8. f3
O-O 9. Qd2 Nd7 10. O-O-O Nb6 11. Bb3 1-0